| 000 | 01227nam a2200313 i 4500 | ||
|---|---|---|---|
| 003 | EG-ScBUE | ||
| 005 | 20240222112333.0 | ||
| 008 | 120130s2011 ua o f 000 0 ara d | ||
| 017 | _a2010 / 19583 | ||
| 020 | _a9789770929223 | ||
| 040 |
_aEG-ScBUE _bara _erda _cEG-ScBUE _dEG-ScBUE |
||
| 043 | _af-ua--- | ||
| 082 | 0 | 4 |
_a962.071 _bع ر ب _222 |
| 100 | 1 |
_928440 _aعربي، نبيل، _d1935- _eمؤلف. |
|
| 245 | 1 | 0 |
_aطابا، كامب ديفيد، الجدار العازل : _bصراع الدبلوماسية من مجلس الأمن إلى المحكمة الدولية / _cنبيل العربي. |
| 250 | _aالطبعة الأولى. | ||
| 264 | 1 |
_aالقاهرة : _bدار الشروق، _c2011. |
|
| 300 |
_a414 صفحة : _bصور ؛ _c25 سم |
||
| 336 |
_2rdacontent _aنص _btxt |
||
| 337 |
_aبدون وسيط _2rdamedia _bn |
||
| 338 |
_aمجلد _bnc _2rdacarrier |
||
| 500 | _aيشتمل على ملاحق. | ||
| 650 | 7 |
_913399 _aالنزاع العربي الإسرائيلي. _2BUEsh |
|
| 651 | 7 |
_914954 _aمصر _xتاريخ _yالعصر الحديث (1805 م- ) _2BUEsh |
|
| 651 | 7 |
_aطابا (مصر) _xتاريخ. _2BUEsh |
|
| 653 | _cJanuary2012 | ||
| 655 | _vReading book | ||
| 942 |
_2ddc _cBB |
||
| 999 |
_c16344 _d16344 |
||